000 00486nam a2200181Ia 4500
008 090123s9999 xx 000 0 und d
082 _b3499
100 _aगवाणकर आशा
245 _aजादूची नगरी
250 _a1
260 _c1973
300 _a7
600 _aगवाणकर आशा
630 _aजादूची नगरी
700 _aगवाणकर आशा
730 _aजादूची नगरी
942 _cBOOK
999 _c41579
_d41579